000 00998cam a2200265 4500
008 000000n 000 0 eng u
020 _a1858112141
035 _a(Sirsi) u102780
050 _a347.4107
100 _aReynolds, Michael P
245 _aConstruction litigation practice
260 _aWelwyn Garden City
_bCLT Professional
_c1999?
300 _axvi, 202p. ; 24cm.
350 _a48.00
520 _aLooks at the implications of the Woolf Reforms to construction litigation and how the new rules will provoke further cultural change and provide greater access to justice.
650 _aCONSTRUCTION LITIGATION
650 _aWOOLF REPORT
650 _aACCESS TO JUSTICE
650 _aLAW
650 _aMANAGEMENT-DISPUTE AVOIDANCE, MANAGEMENT AND RESOLUTION-DISPUTE MANAGEMENT AND RESOLUTION-ALTERNATIVE DISPUTE RESOLUTION-ADJUDICATION
650 _aALTERNATIVE DISPUTE RESOLUTION
690 _aDispute resolution
_96236
700 _aGreen Russell, Jeffrey
942 _n0
999 _c100062
_d100062